| 000 | 00757nam a2200229 a 4500 | ||
|---|---|---|---|
| 003 | MX-MxUPN | ||
| 005 | 20230525063731.0 | ||
| 008 | 220404t1965 mx a||||r|||| 000 0 spa d | ||
| 040 |
_aMX-MxUPN _bspa _cMX-MxUPN |
||
| 041 | 0 | _aspa | |
| 050 | 4 |
_aLB1585 M6.3 _bL4.3 1965 |
|
| 100 | 1 |
_aLeal, Mario _928969 |
|
| 245 | 1 | 0 |
_aCiencias físicas y naturales : _bprimer libro para 3o y 4o años de enseñanza primaria / _cMario Leal y Manuel Moreno. |
| 250 | _a15a ed. | ||
| 260 |
_aMéxico, D.F. : _bProgreso, _c©1965. |
||
| 300 |
_a232 p. : _bil. |
||
| 650 | 4 |
_aCiencias naturales _xEstudio y enseñanza (Elemental) _92812 |
|
| 650 | 4 |
_aCiencias naturales _vLibros de texto _910151 |
|
| 700 | 1 |
_aMoreno, Manuel _ecoaut. |
|
| 905 | _aLibro | ||
| 942 |
_2lcc _cLIBRO |
||
| 999 |
_c208360 _d208360 |
||